000 00679nam a2200241Ia 4500
003 OSt
005 20220918174835.0
006 a|||||r|||| 00| 0
007 ta
008 220917b |||||||| |||| 00| 0 eng d
024 _a14,379
037 _cTextual
040 _aARTS
_cARTS
_beng
041 _2eng
_aeng
082 _aNQ56,N0aMv41, M8
100 _aHichberger J W M.
_951949
245 0 _aImages of the army
_b The military in IBritish art 1815-1914
260 _aN York
_bManchester Univ Press
_c1988
300 _aviii, 187p.
_ccm.
650 _aARTS
942 _hNQ56,N0aMv41, M8
_cTEXL
_2CC
999 _c154927
_d154927